茶文化与茶健康(第2版) (Record no. 322907)
| 000 -LEADER | |
|---|---|
| fixed length control field | 00364 a2200145 4500 |
| 020 ## - ISBN | |
| ISBN | 9787563726592 |
| 082 ## - 索书号 Call Number | |
| 分类号Classification number | 974.8 |
| 作者号 Author number | 4730 |
| 100 ## - 作者 | |
| 作者 | 王岳飞;徐平 主编 |
| 245 ## - 书名 TITLE | |
| 书名Title | 茶文化与茶健康(第2版) |
| 250 ## - 版本 EDITION STATEMENT | |
| 版本叙述 Edition statement | 初版;平装 |
| 260 ## - 出版项PUBLICATION, DISTRIBUTION, ETC. (IMPRINT) | |
| 出版社 Name of publisher | 旅游教育出版社 |
| 出版日期 Date of publication | 2024 |
| 出版地 Place of publication | 北京 |
| 300 ## - 稽核项 PHYSICAL DESCRIPTION | |
| 页数 Number of Pages | 201页 |
| 尺寸 Dimensions | 24公分 |
| 500 ## - 一般附注 GENERAL NOTE | |
| 附注 General note | 购 |
| 942 ## - ADDED ENTRY ELEMENTS (KOHA) | |
| Koha item type | Books |
| Source of classification or shelving scheme | Not for loan | Permanent Location | Current Location | Shelving location | Date acquired | Source of acquisition | Cost, normal purchase price | Full call number | Barcode | Cost, replacement price | Koha item type |
|---|---|---|---|---|---|---|---|---|---|---|---|
| LIBRARY CHUNG HWA HIGH SCHOOL MUAR | LIBRARY CHUNG HWA HIGH SCHOOL MUAR | 9 艺术类(一楼) | 2026-03-25 | 购 | 42.00 | 974.8 4730 | 050256 | 84.00 | Books |
